000 00422cam a22001574a 4500
020 _a0534375286 (alk. paper)
040 _cDLC
082 0 0 _a577 BRO 2001 A030 Or.
100 1 _aKrohne, David T.
245 1 0 _aGeneral ecology /
250 _a2nd ed.
260 _aPacific Grove, CA :
_bBrooks/Cole,
_cc2001.
300 _axvi, 512 p. :
_bill. (some col.), maps (some col.) ;
_c28 cm.
650 0 _aEcology.
942 _cEK
999 _c11432
_d11432